Retrouvez les sportifs dans ces chansons. - Statistiques

Statistiques générales
  • Ce quiz a été pris 58 fois
  • Le résultat moyen est 4 sur 18
Statistiques - réponses
Musique Réponse % Correct
{Matuidi} Charo (PSG) Milieu de terrain ({Matuidi} Charo)
90%
Bouchon de liege Par contre me faire lé-bran j'aime, trois points : {Lebron James}
76%
Paris J'suis parisien comme {Mbappé}
42%
Dolce Camara Précis comme {Rondo}, riche comme un Bongo
32%
Soulman J'ai pas la sagesse de Gandhi, l'assurance de {Mohamed Ali}
30%
Shavkat J'ai les techniques des {Khamzat} et des Shavkat
26%
Raspoutine J'vise le plexus comme {Zidane}
26%
Mal luné Fonce dans le mur comme {Senna Ayrton}
22%
Tha' Lunatic {Jordan} couldn't dunk it any harder
22%
KAT J'suis un vétéran, j'suis pas un rookie, j'arrive en MVP, {Karl-Anthony Towns}
16%
Fume a fond Il reste qu'un pet' de frappe j'le partage avec {Tsonga}
14%
Ni**as in Paris Jackson, {Tyson}, Jordan, Game 6
8%
Windsor J'suis dans la raquette comme {Reggie Miller}
6%
OG Si tu me tends la main, tends moi celle de {Maradona}
6%
Grove Party Beat one of you b*tch ni**as up like {John Cena}
2%
Apocalypse J'me réveille comme {Undertaker}
2%
La faille Même si t'es grand comme {Van Dijk}
2%
Bene {Zamorano}, di Biagio à Batistuta
0%
Aucun quiz correspondant
Distribution des résultats
% des personnes avec chaque résultat
Percentile par nombre de réponses
Votre historique - résultats
Vous n’avez pas pris ce quiz